000 00494nam a22001697a 4500
005 20260225102907.0
008 260225b |||||||| |||| 00| 0 eng d
020 _a978-81-203-1444-3
100 _aJANAKIRAMAN, V.S.
245 _aDECISION SUPPORT SYSTEMS
260 _aNEW DELHI
_bPHI LEARNING PRIVATE LIMITED
_c1999
300 _aXIV, 221P.
500 _aINCLUDES BIBLIOGRAPHICAL REFERENCES AND INDEX
650 _aDECISION SUPPORT SYSTEMS
700 _aSARUKESI, K.
942 _2lcc
_cBK
999 _c216644
_d216644